000 00859nam a2200277Ia 4500
003 OSt
005 20221005062001.0
006 a|||||r|||| 00| 0
007 ta
008 221004b |||||||| |||| 00| 0 eng d
020 _a9781138363656 (hbk)
_cINR 1095.00
024 _a44281
037 _b5863, 12/03/2019, Sanchit Book Service
_cTextual
040 _aCRL
_cCRL
_beng
041 _2eng
_aeng
082 _aY15.2, Q8
100 _aChadha Gita Ed.
_9601326
245 0 _aRe-imagining sociology in India
_b feminist perspectives
260 _aLondon
_bRoutledge UK
_c2018
300 _axii,348p.
_ccm.
650 _a SOCIOLOGY
650 _aFEMINISM
700 _a Joseph M. T. Ed.
_9601327
942 _hY15.2, Q8
_cTEXL
_2cc
999 _c969031
_d969031